000 00259nam a2200109 a 4500
001 4140
005 20140414131922.0
008 090218s19uu xx 00 eng d
050 _aER
_bSl9 2002
245 _aThe Sly fox and the little red hen.
999 _c111786
_d111786